1835 1003 1454 1217 1158 1069 1725 1697 1536 1803 1480 1662 1272 1844 1932 1257 1866 1908 1348 1791 1790 1671 1947 1239 1127 1902 1118 1474 1893 1873 1134 1591 1391 1320 1625 1245 1971 1928 1283 1400 1210 1017 1864 1719 1809 1581 1722 1943 1671 1852 1373 1710 1012 1260 1805 1707 1962 1343 1215 1582 1653 1967 1334 1487 1171 1301 1435 1887 1648 1744 1808 1467 1175 1594 1872 1415 1338 1900 1290 1678 1725 1005 1989 1607 1040 1088 1802 1616 1366 1368 1385 1763 1164 1395 1048 1917 1051 1933 1815 BCNSPRNW ULIB Ver.6.0+V

เปลี่ยนเป็นภาษาไทย

Change to English
 แสดงรายละเอียดบรรณานุกรม
  กลับหน้าหลัก

Brief Record : Get Marc (ISO 2709) : E-mail record : QR code < ปิดหน้าต่าง
LEADER : 00000nam 2200000uu 4500
001    13399127027
003     ULIB
008    020711s2560 th a 000 0 tha d
020    ^a9786163920331
060    ^aWS103^bก344ค
110 1  ^aกองบรรณาธิการสำนักพิมพ์โลกหนังสือ
245    ^aค้างคาวเลือกข้าง (THE BAT WHO TAKES SIDES) นิ ิทานอีสป (สองภาษา ไทย-อังกฤษ)
250    ^aพิมพ์ครั้งที่ 1
260    ^aกรุงเทพฯ :^bบริษัทสำนักพิมพ์โลกหนังสือ จำกัด,^c2560
300    ^a12 หน้า;^b21 ซม.
650    ^aเด็ก^xการเรียนการสอน
945    ^p35^l0^i006215
999    ^aประนอม เกษจรัล
รายการนี้ยังไม่มีแท็ก
คุณยังไม่ได้ล็อกอิน คุณสามารถมีกิจกรรมร่วมกับเว็บไซต์ได้ แต่ต้องล็อกอินก่อน ::
  ล็อกอิน

รายการสื่อสารสนเทศ

ลำดับที่ ประเภท เลขเรียก/บาร์โค้ด สถานที่ สถานะ
1. วิทยาศาสตร์การแพทย์ และสุขภาพ
วิทยาศาสตร์การแพทย์ และสุขภาพ
WS103 ก344ค ฉ.1 
  Barcode: 006215
ห้องสมุดวิทยาเขตสวรรค์ประชารักษ์
►หนังสือทั่วไป
บนชั้น

BibComment


ยังไม่เคยถูกคอมเมนท์

คอมเมนท์ทรัพยากรรายการนี้
  คอมเมนท์: ค้างคาวเลือกข้าง..


 Copyright 2026. Bcnsprnw @Library